| 000 | 01590nam0a22003371 4500 | ||
|---|---|---|---|
| 001 | 2561045 | ||
| 005 | 20260405053338.0 | ||
| 021 |
_aRU _b79-92059 |
||
| 035 | _a(NLR Aleph) 006446181 | ||
| 090 |
_a5691148 _c5691148 |
||
| 100 | _a20110316d1979 u y0rusy50 ca | ||
| 101 | 0 | _arus | |
| 102 | _aRU | ||
| 105 | _aa z ||||| | ||
| 200 | 1 |
_aРеакционноспособные железо и марганец в донных осадках северной части Индийского океана _e(Результаты 1-ой специализир. геол.-геофиз. экспедиции XIX-го рейса НИС "Акад. Вернадский", 21 дек. 1978 г. - 10 апр. 1979 г.) _fЕ.Ф. Шнюков, Э.В. Соботович, И. Н. Говоров и др. _gОтв. ред. Е.Ф. Шнюков |
|
| 210 |
_aКиев _cИн-т геол. наук _d1979 |
||
| 215 |
_a75 с. _cил. _d20 |
||
| 225 | 1 |
_aПрепринт _fАН УССР. Ин-т геол. наук _v79.11 |
|
| 300 | _aАвт. указаны на обороте тит. л. | ||
| 320 | _aБиблиогр.: с. 73-74 | ||
| 686 |
_aД451.2-0...,0 _2rubbk |
||
| 686 |
_aД9(93)451.2...,0 _2rubbk |
||
| 701 | 1 |
_8rus _7ca _aСоботович _bЭ. В. _f1927-2013 _gЭмлен Владимирович _3RU\NLR\AUTH\7717200 _9290 |
|
| 701 | 1 |
_aГоворов _bИ.Н. |
|
| 701 | 1 |
_aШнюков _bЕ.Ф. _gЕвгений Федорович _4340 |
|
| 801 | 0 |
_aRU _bNLR _gpsbo |
|
| 801 | 1 |
_aRU _bELAR _2rusmarc |
|
| 852 |
_aNLR _jDesideratum |
||
| 899 |
_aRuMoRGB _jБ 78-33/97 |
||
| 942 | _cBOOK | ||
| 980 | _aNB | ||